000 00550nam a2200181Ia 4500
003 GCL
008 140319s9999 xx 000 0 ara d
040 _aGCL /
_cGCL
082 0 4 _a155.455
_bم ا
100 1 _aمحمد عبدالرحيم عدس
245 1 0 _aالاباء وتربية الابناء /
_cمحمد عبدالرحيم عدس
300 _a287 ص
490 _aكتاب
_v0
650 0 4 _aعلم النفس التربوى
650 0 4 _aالاباء والابناء
650 0 4 _aالاطفال الموهوبون
942 _2ddc
_cBK
999 _c42063
_d42063